[Event "Corumba Rodrigues de Souza Memorial 1st"]
[Site "Corumba"]
[Date "2017.12.02"]
[Round "4.1"]
[White "Rosse, Dayane Ernestino"]
[Black "Jabour, Rodrigo Vila"]
[Result "1-0"]
[WhiteElo "1539"]
[BlackElo "1689"]
[PlyCount "39"]
[EventDate "2017.12.01"]
[EventType "tourn"]
[EventRounds "5"]
[EventCountry "BRA"]
[SourceTitle "EXT 2022"]
[Source "ChessBase"]
[SourceDate "2021.10.06"]
[SourceVersion "1"]
[SourceVersionDate "2021.10.06"]
[SourceQuality "1"]

1. e4 e6 2. d4 d5 3. e5 a6 4. c3 c5 5. a3 cxd4 6. cxd4 Nc6 7. Nf3 h6 8. Bd3 Be7 9. 0-0 Bd7 10. Nc3 b5 11. Re1 f6 12. Bg6+ Kf8 13. Qb3 fxe5 14. Nxd5 Nxd4 15. Nxd4 exd4 16. Nf4 Qc8 17. Nxe6+ Bxe6 18. Rxe6 Qc4 19. Qf3+ Nf6 20. Qxa8+ 1-0

[Event "Corumba Rodrigues de Souza Memorial 1st"]
[Site "Corumba"]
[Date "2017.12.01"]
[Round "1.1"]
[White "De Souza, Paulo Jose"]
[Black "Rosse, Dayane Ernestino"]
[Result "1-0"]
[WhiteElo "1800"]
[BlackElo "1539"]
[PlyCount "83"]
[EventDate "2017.12.01"]
[EventType "tourn"]
[EventRounds "5"]
[EventCountry "BRA"]
[SourceTitle "EXT 2022"]
[Source "ChessBase"]
[SourceDate "2021.10.06"]
[SourceVersion "1"]
[SourceVersionDate "2021.10.06"]
[SourceQuality "1"]

1. e4 e6 2. d4 d5 3. e5 c5 4. Nf3 Nc6 5. c3 Qb6 6. a3 a5 7. a4 cxd4 8. cxd4 Qb4+ 9. Qd2 Nh6 10. Na3 Qxa4 11. Nc2 Bb4 12. Nxb4 Qxb4 13. Qxb4 Nxb4 14. Bb5+ Nc6 15. 0-0 0-0 16. Bd2 Nf5 17. Bxc6 bxc6 18. Rxa5 Rb8 19. Bc3 f6 20. exf6 Rxf6 21. Ne5 Nd6 22. Nxc6 Rb7 23. Ra7 Rff7 24. Rxb7 Bxb7 25. Nd8 Rc7 26. Nxe6 Re7 27. Nc5 Bc8 28. Re1 Rf7 29. Re5 Ra7 30. g3 Bb7 31. Nxb7 Rxb7 32. Rxd5 Ne4 33. f4 Nxc3 34. bxc3 Rb1+ 35. Kg2 Rb2+ 36. Kh3 Rc2 37. Rc5 h6 38. c4 Re2 39. Re5 Rc2 40. c5 Rd2 41. d5 Ra2 42. c6 1-0